LDR 02513nam#a2200217#i#450# 001 3640 005 20260430205739.4 008 _ 20260429d2026####ek#y0rusy0150####ca 020 ## _$a978-5-369-03015-8 044 ## _$axxu 080 ## _$aСравнительное правоведение. 340.5 _$aТеория. Понятие и основы уголовного права. Право наказывать. Исправление правонарушителя. 343.01 _$aОбязательственное право. Договоры. Соглашения. 347.4 084 ## _$aОбщая теория права. 670 _2bbk 084 ## _$aГражданское и торговое право. Семейное право. 67404 _2bbk 084 ## _$aУголовное право. 67408 _2bbk 100 #1 _$aКлепицкий, Иван Анатольевич _$aУниверситет имени О.Е. Кутафина (МГЮА) 245 00 _$aПричинная связь в праве _$cМонография 260 1# _$aМосква _$bООО "Издательский Центр РИОР" _$c2026 300 ## _$a311 p. 500 ## _$aВ монографии рассматриваются сложные вопросы установления причинной связи в уголовном и гражданском праве России, Германии, Франции, Италии и Англии, предлагается пригодная для практики теория причинной связи (теория риска), ее варианты для права уголовного и гражданского. В приложении содержится перевод докторской диссертации основателя юридической феноменологии Адольфа Райнаха «О понятии причинной связи в действующем уголовном праве». Книга предназначена для практикующих юристов, научных работников, преподавателей и студентов юридических вузов и факультетов всех уровней подготовки. _$aправо, причинная связь в праве, уголовное право, гражданское право, сравнительное правоведение, Адольф Райнах _$a10.29039/03015-8 533 ## _$aThere is an electronic copy 856 4# _$anaukaru.ru _$u